MARC

LEADER 00000nam0a2200000 4500
001 309150
005 20231102002149.0
035 |a (RuTPU)RU\TPU\book\334472 
090 |a 309150 
100 |a 20151110d1981 km y0rusy50 ca 
101 0 |a rus 
102 |a RU 
105 |a a z 001zy 
200 1 |a Добыча нефти и газа  |f Ю. В. Зайцев, Ю. А. Балакиров 
210 |a Москва  |c Недра  |d 1981 
215 |a 384 с.  |c ил. 
320 |a Библиогр.: с. 381-383 
606 1 |a Нефтегазодобывающая промышленность  |2 stltpush  |3 (RuTPU)RU\TPU\subj\45576  |9 64770 
610 1 |a нефть 
610 1 |a газ 
610 1 |a добыча 
610 1 |a буровые растворы 
610 1 |a скважины 
610 1 |a освоение 
610 1 |a эксплуатация 
610 1 |a газовые промыслы 
610 1 |a обустройство 
675 |a 622.323  |v 4 
700 1 |a Зайцев  |b Ю. В.  |g Юрий Васильевич 
701 1 |a Балакиров  |b Ю. А.  |g Юрий Айрапетович 
801 1 |a RU  |b 63413507  |c 20151110 
801 2 |a RU  |b 63413507  |c 20161020  |g RCR 
942 |c BK